00602nam a2200133Ia 4500008004100000100002600041245014600067245010600213260005300319260000900372300001100381650001500392856006100407170221s9999 xx 000 0 und d aMarina V. Vinogradova 4aThe Use of MBO (Management of Objectives) Method of Attraction and Evaluation of Effectiveness of Investments to the Tourism and Hospitality  cMarina V. Vinogradova, Оlga S. Kulyaminа, Anna A. Larionova, Alexandr N. Maloletko, Olga V. Kaurova bInternational Review of Management and Marketing c2016 a6 : 2S xMarketing. uhttp://www.econjournals.com/index.php/irmm/issue/view/71